Normal view
MARC view
- Graham, George Farquhar Irving
Entry Personal Name
001 - CONTROL NUMBER
- control field: 46137
003 - CONTROL NUMBER IDENTIFIER
- control field: NUST
005 - DATE AND TIME OF LATEST TRANSACTION
- control field: 20210314133430.0
008 - FIXED-LENGTH DATA ELEMENTS
- fixed length control field: 210314|| aca||aabn | a|a d
040 ## - CATALOGING SOURCE
- Original cataloging agency: NUST
- Transcribing agency: NUST
100 ## - HEADING--PERSONAL NAME
- Personal name: Graham, George Farquhar Irving
670 ## - SOURCE DATA FOUND
- Source citation: Work cat.: (NUST): Graham, George Farquhar Irving,, The life and work of Sir Syed Ahmed Khan, 1909.
